La jeune parque et la joven parca
Збережено в:
| Автор: | |
|---|---|
| Формат: | Книга |
| Мова: | Undetermined |
| Опубліковано: |
París, Francia
Civilisation du Sud
1950
|
| Предмети: | |
| Теги: |
Додати тег
Немає тегів, Будьте першим, хто поставить тег для цього запису!
|
MARC
| LEADER | 00000nam a2200000Ia 4500 | ||
|---|---|---|---|
| 008 | 170316s9999 xx 000 0 und d | ||
| 040 | |a cru BVZT | ||
| 090 | |a 840 B-32j | ||
| 100 | |a Brull, Mariano | ||
| 245 | |a La jeune parque et la joven parca | ||
| 260 | |a París, Francia | ||
| 260 | |b Civilisation du Sud | ||
| 260 | |c 1950 | ||
| 300 | |a 115 páginas | ||
| 650 | |a LITERATURA FRANCESA | ||
| 999 | |c 7528 |d 7528 | ||
| 942 | |c 15 D |h 840 B-32j |2 z | ||
